000 00607nam a22002417a 4500
003 UA-OsUOA
001 26686
007 ta
008 20040608b un ||||| |||| 00| 0 ukr d
090 _a821.161.2
_bМ28
942 _cBK
040 _aUA-OsUOA
_bukr
_cUA-OsUOA
_dUA-OsUOA
245 _aМарсове поле
_bГероїчна поезія на Україні
_cРед. В.Шевчук
300 _a280 с.
955 _a0
041 _aukr
080 _a821.161.2
020 _a5-7720-0073-Х
260 _aКиїв
_bМолодь
_c1988
044 _aUA
650 7 _2UDC
999 _c313014
_d313014